000 00424nam a2200157Ia 4500
005 20260330112720.0
008 260330s9999||||xx |||||||||||||| ||und||
020 _a9788424116309
041 _aspa
100 _aHans Christian Andersen
245 0 _aEl Soldadito De Plomo /
_cHans Christian Andersen
250 _a1 ed.
260 _aBogotá, Colombia :
_bEditorial Panamericana.
_c1996
650 _aCUENTO
942 _cBKL
999 _c2331
_d2331